Building Information Modelling (BIM) and English law (Record no. 114707)

MARC details
000 -LEADER
fixed length control field 00850cad a22002055a 4500
001 - CONTROL NUMBER
control field L157298
008 - FIXED-LENGTH DATA ELEMENTS--GENERAL INFORMATION
fixed length control field 121012s2012 xxkqr p 0 a0eng u
035 ## - SYSTEM CONTROL NUMBER
System control number (Sirsi) u157298
041 0# - LANGUAGE CODE
Language code of text/sound track or separate title eng
100 1# - MAIN ENTRY--PERSONAL NAME
Personal name Sinclair, Stacy
110 2# - MAIN ENTRY--CORPORATE NAME
Corporate name or jurisdiction name as entry element Fenwick Elliott LLP
245 00 - TITLE STATEMENT
Title Building Information Modelling (BIM) and English law
Medium [electronic resource]
260 ## - PUBLICATION, DISTRIBUTION, ETC.
Place of publication, distribution, etc. London
Name of publisher, distributor, etc. Fenwick Elliott LLP
Date of publication, distribution, etc. 2012
520 ## - SUMMARY, ETC.
Summary, etc. This article looks at the concerns regarding BIM as it spreads throughout the construction industry - particularly the legal and contractual implications which arise.
590 ## - LOCAL NOTE (RLIN)
Local note KA NTK
651 #4 - SUBJECT ADDED ENTRY--GEOGRAPHIC NAME
Geographic name England
Chronological subdivision 886-
690 ## - LOCAL SUBJECT ADDED ENTRY--TOPICAL TERM (OCLC, RLIN)
Topical term or geographic name as entry element BIM
9 (RLIN) 6219
856 40 - ELECTRONIC LOCATION AND ACCESS
Uniform Resource Identifier <a href="https://www.fenwickelliott.co.uk/files/stacy_sinclair_-_building_information_modelling__english_law.pdf">https://www.fenwickelliott.co.uk/files/stacy_sinclair_-_building_information_modelling__english_law.pdf</a>
Public note View the article free of charge www.fenwickelliott.co.uk
942 ## - ADDED ENTRY ELEMENTS (KOHA)
Suppress in OPAC 0
Holdings
Withdrawn status Lost status Source of classification or shelving scheme Damaged status Not for loan Home library Current library Shelving location Date acquired Total Checkouts Full call number Barcode Date last seen Copy number Price effective from Koha item type
    Dewey Decimal Classification     Virtual Virtual Online 12/10/2012   ONLINE PUBLICATION 157298-2001 06/08/2019 1 06/08/2019 Book